000 00358nam a2200145Ia 4500
008 230917s9999||||xx |||||||||||||| ||und||
040 _e181408
_aMAIN
041 _aEnglish
082 _a370 S23E
100 _aSharma, Shashi Prabha
245 0 _aEducation and human development
260 _aNew Delhi
_bKanishka
_c2005
300 _a292 p.
942 _cBK
999 _c158375
_d158375